[Event "ROM-chT"]
[Site "Mamaia"]
[Date "2019.09.26"]
[Round "6.4"]
[White "Cosma, Ioan"]
[Black "Prodileanu, Adrian"]
[Result "1-0"]
[WhiteElo "2394"]
[BlackElo "2236"]
[PlyCount "167"]
[EventDate "2019.09.21"]
[EventType "team-tourn"]
[EventRounds "9"]
[EventCountry "ROU"]
[SourceTitle "EXT 2020"]
[Source "ChessBase"]
[SourceDate "2019.10.17"]
[SourceVersion "1"]
[SourceVersionDate "2019.10.17"]
[SourceQuality "1"]
[WhiteTeam "Techirghiol Victoria"]
[BlackTeam "Craiova Oltenia"]
[WhiteTeamCountry "ROU"]
[BlackTeamCountry "ROU"]

1. d4 Nf6 2. Nf3 e6 3. g3 c5 4. Bg2 Nc6 5. 0-0 d5 6. c4 dxc4 7. Ne5 Bd7 8. Na3 cxd4 9. Naxc4 Bc5 10. Bf4 0-0 11. Qb3 Rc8 12. Qxb7 Nxe5 13. Nxe5 Rb8 14. Qxb8 Qxb8 15. Nxd7 Qxb2 16. Nxc5 Qxe2 17. Rfe1 Qb5 18. Nb3 Rd8 19. Rad1 d3 20. Bf1 Qa4 21. Bg5 Qxa2 22. Bxf6 gxf6 23. Nc1 Qa5 24. Nxd3 Rd4 25. Ra1 Ra4 26. Rab1 Kg7 27. Rec1 Ra3 28. Rc2 Rc3 29. Rcb2 Qa3 30. Nf4 Rc1 31. Rxc1 Qxb2 32. Nd3 Qd2 33. Rc4 Qa5 34. Nc5 Qd2 35. Na6 Qd6 36. Rc7 Qb6 37. Rd7 h6 38. h4 f5 39. h5 f4 40. gxf4 Qa5 41. Be2 Qe1+ 42. Bf1 Qa5 43. Rxa7 Qxh5 44. Nc7 Qg4+ 45. Bg2 Kg6 46. Ra3 Qxf4 47. Rg3+ Kh7 48. Nb5 Qe5 49. Nc3 f5 50. Rd3 Kg7 51. Bf1 Kf6 52. Ne2 Qc5 53. Rc3 Qb4 54. f4 Qb6+ 55. Kg2 e5 56. Rh3 Qb7+ 57. Kh2 exf4 58. Bg2 Qc7 59. Bf3 Kg5 60. Kg2 Qe5 61. Rh5+ Kg6 62. Rh1 Kg5 63. Rb1 Kh4 64. Rb6 Kg5 65. Rb4 Qd6 66. Rd4 Qc7 67. Rd5 Kf6 68. Nd4 Qg7+ 69. Kf1 Qg5 70. Rd6+ Ke5 71. Rd5+ Kf6 72. Ke2 Kg6 73. Rd6+ Kh7 74. Kd3 Qg1 75. Nxf5 Qb1+ 76. Kd4 Qb4+ 77. Ke5 Qb2+ 78. Nd4 Kg7 79. Bh5 Qa1 80. Rd7+ Kh8 81. Rd8+ Kg7 82. Rd7+ Kh8 83. Kf6 Qa5 84. Ne6 1-0

[Event "ROM-chT"]
[Site "Mamaia"]
[Date "2019.09.23"]
[Round "3.1"]
[White "Prodileanu, Adrian"]
[Black "Banzea, Alexandru Bogdan"]
[Result "0-1"]
[WhiteElo "2236"]
[BlackElo "2401"]
[PlyCount "118"]
[EventDate "2019.09.21"]
[EventType "team-tourn"]
[EventRounds "9"]
[EventCountry "ROU"]
[SourceTitle "EXT 2020"]
[Source "ChessBase"]
[SourceDate "2019.10.17"]
[SourceVersion "1"]
[SourceVersionDate "2019.10.17"]
[SourceQuality "1"]
[WhiteTeam "Craiova Oltenia"]
[BlackTeam "Timisoara Medicina"]
[WhiteTeamCountry "ROU"]
[BlackTeamCountry "ROU"]

1. c4 Nf6 2. g3 g6 3. Bg2 Bg7 4. Nf3 0-0 5. 0-0 d6 6. Nc3 e5 7. d3 h6 8. Rb1 a5 9. a3 c6 10. b4 axb4 11. axb4 Re8 12. Nd2 d5 13. Qc2 Bf8 14. b5 Be6 15. Bb2 Nbd7 16. Ra1 Rc8 17. bxc6 bxc6 18. Na4 Qc7 19. Rfc1 d4 20. Ba3 Bxa3 21. Rxa3 Rb8 22. Rca1 Rb4 23. Rb3 Rxb3 24. Nxb3 c5 25. Qd2 e4 26. Nb2 Rb8 27. Ra3 Kg7 28. e3 dxe3 29. Qxe3 Qe5 30. Qd2 Bf5 31. d4 Qd6 32. Qc3 Rxb3 33. Qxb3 cxd4 34. h3 h5 35. Nd1 Ne5 36. Ra5 Be6 37. Bf1 e3 38. Nxe3 dxe3 39. Qxe3 Nxc4 40. Bxc4 Qd1+ 41. Kh2 Bxc4 42. Rc5 Bd5 43. Rc1 Qa4 44. Qe5 Qa3 45. Qc3 Qa6 46. Re1 Ba8 47. Ra1 Qb7 48. Rg1 Qe4 49. Qb2 Qf3 50. Qd4 Kh7 51. Qe3 Qxe3 52. fxe3 g5 53. Ra1 Bd5 54. Ra5 Kg6 55. Kg1 Kf5 56. Ra4 Ke5 57. h4 g4 58. Rd4 Ne4 59. Kh2 Nd6 0-1

[Event "ROM-chT"]
[Site "Mamaia"]
[Date "2019.09.21"]
[Round "1.2"]
[White "Prodileanu, Adrian"]
[Black "Nevednichy, Vladislav"]
[Result "0-1"]
[WhiteElo "2236"]
[BlackElo "2522"]
[PlyCount "165"]
[EventDate "2019.09.21"]
[EventType "team-tourn"]
[EventRounds "9"]
[EventCountry "ROU"]
[SourceTitle "EXT 2020"]
[Source "ChessBase"]
[SourceDate "2019.10.17"]
[SourceVersion "1"]
[SourceVersionDate "2019.10.17"]
[SourceQuality "1"]
[WhiteTeam "Craiova Oltenia"]
[BlackTeam "Iasi Politehnica"]
[WhiteTeamCountry "ROU"]
[BlackTeamCountry "ROU"]

1. c4 e6 2. g3 d5 3. Bg2 dxc4 4. Qa4+ Qd7 5. Qxc4 c5 6. Nf3 Nc6 7. 0-0 Nf6 8. b3 b6 9. Bb2 Bb7 10. d4 Rc8 11. dxc5 Bxc5 12. Nc3 0-0 13. Rad1 Qe7 14. Ne4 Nxe4 15. Qxe4 Nd4 16. Qd3 Nxf3+ 17. Bxf3 Rfd8 18. Qb1 f6 19. Rxd8+ Rxd8 20. Rd1 Bxf3 21. exf3 b5 22. Rd3 Rd5 23. Qd1 Qd6 24. Rxd5 exd5 25. Qd3 a6 26. Kf1 Qe6 27. h4 Be7 28. Bd4 g6 29. Qe3 Kf7 30. Qh6 Kg8 31. Qe3 Qd7 32. Ke2 h5 33. Qd3 Kf7 34. Kf1 a5 35. Kg2 a4 36. bxa4 bxa4 37. Qc2 Qb5 38. Qd2 Qc4 39. Bc3 a3 40. Ba1 g5 41. hxg5 fxg5 42. Bd4 Ke8 43. f4 gxf4 44. Qxf4 Qxa2 45. Qb8+ Kd7 46. Qb7+ Ke6 47. Qc6+ Kf7 48. Qd7 Qc4 49. Qf5+ Ke8 50. Qxh5+ Kd8 51. Qe5 Kd7 52. g4 a2 53. Qf5+ Kd8 54. Qe5 Kd7 55. Qf5+ Kc6 56. Qg6+ Bd6 57. Qf6 Kb5 58. g5 Bc5 59. Bxc5 Kxc5 60. g6 Qe4+ 61. Kh2 d4 62. Qf8+ Kb5 63. Qb8+ Ka4 64. Qa7+ Kb3 65. g7 Qf4+ 66. Kg2 Qg5+ 67. Kf3 Qd5+ 68. Kg3 d3 69. Qb8+ Kc2 70. Qc8+ Kd2 71. g8Q Qe5+ 72. Kg2 a1Q 73. Qcc4 Qab2 74. Qa2 Qe4+ 75. Kg1 Qxa2 76. Qxa2+ Ke1 77. Qb1+ Ke2 78. Qf1+ Kd2 79. Qh3 Kc2 80. Qc8+ Kd1 81. Qg8 Ke1 82. Qg3 Ke2 83. Qh3 0-1

[Event "ROM-chT2"]
[Site "Olanesti"]
[Date "2013.10.20"]
[Round "9.3"]
[White "Bunta, Andrei"]
[Black "Prodileanu, Adrian"]
[Result "0-1"]
[WhiteElo "2019"]
[BlackElo "2233"]
[PlyCount "58"]
[EventDate "2013.10.12"]
[EventType "team-tourn"]
[EventRounds "9"]
[EventCountry "ROU"]
[SourceTitle "EXT 2014"]
[Source "ChessBase"]
[SourceDate "2013.11.20"]
[SourceVersion "1"]
[SourceVersionDate "2013.11.20"]
[SourceQuality "1"]
[WhiteTeam "Ramnicu Valcea"]
[BlackTeam "Oltenia Craiova"]
[WhiteTeamCountry "ROU"]
[BlackTeamCountry "ROU"]

1. d4 Nf6 2. c4 e6 3. Nc3 Bb4 4. e3 c5 5. Nge2 cxd4 6. exd4 0-0 7. a3 Be7 8. Nf4 d5 9. cxd5 Nxd5 10. Ncxd5 exd5 11. Bd3 Nc6 12. Be3 Bf6 13. 0-0 g6 14. Rc1 Qd6 15. Rc5 Be6 16. Nxe6 fxe6 17. Qg4 Bg7 18. Rfc1 Rad8 19. Bb5 Nxd4 20. Bxd4 Rf4 21. Qxf4 Qxf4 22. Rc8 Qd6 23. Bxg7 Rxc8 24. Rxc8+ Kxg7 25. Rc2 e5 26. Kf1 e4 27. f3 Qxh2 28. fxe4 Qf4+ 29. Kg1 dxe4 0-1

[Event "ROM-chT2"]
[Site "Olanesti"]
[Date "2013.10.19"]
[Round "8.3"]
[White "Prodileanu, Adrian"]
[Black "Stroescu, Gheorghe"]
[Result "1-0"]
[WhiteElo "2233"]
[BlackElo "2143"]
[PlyCount "36"]
[EventDate "2013.10.12"]
[EventType "team-tourn"]
[EventRounds "9"]
[EventCountry "ROU"]
[SourceTitle "EXT 2014"]
[Source "ChessBase"]
[SourceDate "2013.11.20"]
[SourceVersion "1"]
[SourceVersionDate "2013.11.20"]
[SourceQuality "1"]
[WhiteTeam "Oltenia Craiova"]
[BlackTeam "Targoviste University"]
[WhiteTeamCountry "ROU"]
[BlackTeamCountry "ROU"]

1. c4 e5 2. g3 Nf6 3. Bg2 Bc5 4. Nc3 c6 5. e3 d5 6. cxd5 cxd5 7. d4 exd4 8. exd4 Bb6 9. Nge2 h6 10. 0-0 0-0 11. Be3 Nc6 12. Qb3 Na5 13. Qc2 Nc4 14. Nf4 Nxe3 15. fxe3 Be6 16. Qb3 g5 17. Nfxd5 Ng4 18. Qb4 Ba5 1-0

[Event "ROM-chT2"]
[Site "Olanesti"]
[Date "2013.10.12"]
[Round "1.3"]
[White "Prodileanu, Adrian"]
[Black "Florescu, Codrut Constantin"]
[Result "1/2-1/2"]
[WhiteElo "2233"]
[BlackElo "2196"]
[PlyCount "97"]
[EventDate "2013.10.12"]
[EventType "team-tourn"]
[EventRounds "9"]
[EventCountry "ROU"]
[SourceTitle "EXT 2014"]
[Source "ChessBase"]
[SourceDate "2013.11.20"]
[SourceVersion "1"]
[SourceVersionDate "2013.11.20"]
[SourceQuality "1"]
[WhiteTeam "Oltenia Craiova"]
[BlackTeam "Deva"]
[WhiteTeamCountry "ROU"]
[BlackTeamCountry "ROU"]

1. c4 e5 2. g3 Nc6 3. Nc3 Nf6 4. Bg2 Bc5 5. Nf3 d6 6. d3 h6 7. 0-0 0-0 8. a3 a6 9. b4 Ba7 10. Bb2 Be6 11. Rc1 Qd7 12. e3 Rfd8 13. Qc2 Ne7 14. Rfd1 Rab8 15. e4 Bg4 16. Nd5 Nfxd5 17. cxd5 c6 18. d4 exd4 19. Bxd4 Bxd4 20. Rxd4 cxd5 21. exd5 Rbc8 22. Qd2 Rxc1+ 23. Qxc1 Rc8 24. Qf4 Bf5 25. h4 Ng6 26. Qe3 Qc7 27. a4 Qc1+ 28. Qxc1 Rxc1+ 29. Kh2 Kf8 30. Bh3 Rc2 31. Rd2 Ne5 32. Rxc2 Nxf3+ 33. Kg2 Nxh4+ 34. gxh4 Bxc2 35. Kf3 f5 36. a5 Ke7 37. Ke3 g5 38. hxg5 hxg5 39. Bf1 f4+ 40. Kd4 Ba4 41. Bh3 Kd8 42. Be6 Bc2 43. Bg4 Kc7 44. Be6 Bb1 45. Bg4 Bh7 46. Be6 Bg6 47. Bg4 Bf7 48. Ke4 Bg6+ 49. Bf5 1/2-1/2

[Event "ROM-chTA"]
[Site "Olanesti"]
[Date "2012.10.10"]
[Round "5.3"]
[White "Prodileanu, Adrian"]
[Black "Daianu, Cristian Clement"]
[Result "1/2-1/2"]
[WhiteElo "2223"]
[BlackElo "2288"]
[PlyCount "20"]
[EventDate "2012.10.06"]
[EventType "team-tourn"]
[EventRounds "9"]
[EventCountry "ROU"]
[SourceTitle "CBM 150 Extra"]
[Source "ChessBase"]
[SourceDate "2012.10.19"]
[SourceVersion "1"]
[SourceVersionDate "2012.10.19"]
[SourceQuality "1"]
[WhiteTeam "Craiova Oltenia"]
[BlackTeam "Otopeni"]
[WhiteTeamCountry "ROU"]
[BlackTeamCountry "ROU"]

1. c4 Nf6 2. g3 g6 3. Bg2 Bg7 4. Nc3 c6 5. Nf3 d5 6. cxd5 cxd5 7. d4 0-0 8. 0-0 Ne4 9. Nxe4 dxe4 10. Ne5 Nd7 1/2-1/2

[Event "ROM-chTA"]
[Site "Olanesti"]
[Date "2012.10.06"]
[Round "1.3"]
[White "Prodileanu, Adrian"]
[Black "Pribeanu, Mihail Dacian"]
[Result "1/2-1/2"]
[WhiteElo "2223"]
[BlackElo "2192"]
[PlyCount "32"]
[EventDate "2012.10.06"]
[EventType "team-tourn"]
[EventRounds "9"]
[EventCountry "ROU"]
[SourceTitle "CBM 150 Extra"]
[Source "ChessBase"]
[SourceDate "2012.10.19"]
[SourceVersion "1"]
[SourceVersionDate "2012.10.19"]
[SourceQuality "1"]
[WhiteTeam "Craiova Oltenia"]
[BlackTeam "Galati"]
[WhiteTeamCountry "ROU"]
[BlackTeamCountry "ROU"]

1. c4 g6 2. g3 Bg7 3. Bg2 d6 4. Nc3 e5 5. d3 f5 6. e4 Nf6 7. Nge2 0-0 8. 0-0 a5 9. h3 Na6 10. exf5 gxf5 11. d4 c6 12. Be3 Be6 13. b3 Qe7 14. Rc1 Nh5 15. Qd2 Qf7 16. f4 Qg6 1/2-1/2

[Event "Golden Sands Europe op 1st"]
[Site "Golden Sands"]
[Date "2012.06.10"]
[Round "7"]
[White "Firat, Burak"]
[Black "Prodileanu, Adrian"]
[Result "1-0"]
[WhiteElo "2428"]
[BlackElo "2226"]
[PlyCount "89"]
[EventDate "2012.06.04"]
[EventType "swiss"]
[EventRounds "9"]
[EventCountry "BUL"]
[SourceTitle "CBM 148 Extra"]
[Source "ChessBase"]
[SourceDate "2012.06.22"]
[SourceVersion "1"]
[SourceVersionDate "2012.06.22"]
[SourceQuality "1"]

1. e4 c6 2. d4 d5 3. e5 Bf5 4. Nf3 e6 5. Be2 c5 6. 0-0 Nc6 7. c3 cxd4 8. cxd4 Nge7 9. Nc3 Bg4 10. Ne1 Bxe2 11. Nxe2 Qb6 12. Nf3 Ng6 13. h4 Be7 14. g3 0-0-0 15. Nc3 Kb8 16. Re1 Rc8 17. Qd3 h5 18. Re2 Nb4 19. Qe3 Qa6 20. Ne1 Rc7 21. Bd2 Bf8 22. a4 Rc4 23. b3 Rc8 24. Nb5 Qb6 25. Qf3 a6 26. Qxf7 axb5 27. Qxg6 Qxd4 28. Rb1 Qg4 29. Qxg4 hxg4 30. axb5 Nc2 31. Nxc2 Rxc2 32. Kf1 Be7 33. Be3 Rhc8 34. Ra1 R8c3 35. Ra4 Rxe2 36. Kxe2 Bc5 37. Bxc5 Rxc5 38. Rxg4 Rxb5 39. Rxg7 d4 40. f4 Rxb3 41. h5 Rb2+ 42. Kd3 Rh2 43. g4 b5 44. Kxd4 b4 45. Kc4 1-0

[Event "Golden Sands Europe op 1st"]
[Site "Golden Sands"]
[Date "2012.06.07"]
[Round "4"]
[White "Prodileanu, Adrian"]
[Black "Bozzali, Ermanno"]
[Result "1/2-1/2"]
[WhiteElo "2226"]
[BlackElo "2068"]
[PlyCount "121"]
[EventDate "2012.06.04"]
[EventType "swiss"]
[EventRounds "9"]
[EventCountry "BUL"]
[SourceTitle "CBM 148 Extra"]
[Source "ChessBase"]
[SourceDate "2012.06.22"]
[SourceVersion "1"]
[SourceVersionDate "2012.06.22"]
[SourceQuality "1"]

1. c4 c5 2. g3 g6 3. Bg2 Bg7 4. Nc3 e5 5. Nf3 Nc6 6. 0-0 Nge7 7. a3 a5 8. Ne1 0-0 9. Nc2 Rb8 10. Ne3 d6 11. Rb1 Be6 12. d3 Nd4 13. b4 axb4 14. axb4 b6 15. Ned5 Nxd5 16. Nxd5 b5 17. e3 Nf5 18. Ba3 cxb4 19. Bxb4 Qd7 20. Ba5 bxc4 21. dxc4 Rxb1 22. Qxb1 Ne7 23. Rd1 Nc6 24. Bc3 Rb8 25. Qa1 Kh8 26. Qa6 Qc8 27. Qxc8+ Rxc8 28. Nb6 Rb8 29. Rxd6 Rxb6 30. Bxc6 Bf6 31. Kg2 Kg7 32. e4 Bxc4 33. Ba5 Rb1 34. f3 Bf1+ 35. Kf2 Be7 36. Rd5 Bc4 37. Rxe5 Bf6 38. Bc3 Rc1 39. Bd4 Rc2+ 40. Ke3 Rxh2 41. Bd5 Ba6 42. g4 Re2+ 43. Kf4 Bxe5+ 44. Bxe5+ f6 45. Bc3 Rc2 46. Ba1 g5+ 47. Kg3 Bf1 48. f4 h6 49. e5 fxe5 50. Bxe5+ Kf8 51. f5 Bc4 52. Bd6+ Ke8 53. Be4 Rc3+ 54. Kf2 Bb5 55. Be5 Ra3 56. Bg7 Rh3 57. Bg2 Rh2 58. Kg3 Rh4 59. Bf3 Ke7 60. Bc3 Bc4 61. Bd2 1/2-1/2

[Event "Golden Sands Europe op 1st"]
[Site "Golden Sands"]
[Date "2012.06.04"]
[Round "1"]
[White "Atalik, Suat"]
[Black "Prodileanu, Adrian"]
[Result "1-0"]
[WhiteElo "2608"]
[BlackElo "2226"]
[PlyCount "99"]
[EventDate "2012.06.04"]
[EventType "swiss"]
[EventRounds "9"]
[EventCountry "BUL"]
[SourceTitle "CBM 149"]
[Source "ChessBase"]
[SourceDate "2012.07.17"]
[SourceVersion "1"]
[SourceVersionDate "2012.07.17"]
[SourceQuality "1"]

1. d4 Nf6 2. c4 e6 3. g3 c5 4. d5 exd5 5. cxd5 d6 6. Nc3 g6 7. Nf3 Bg7 8. Bg2 0-0 9. 0-0 a6 10. a4 Re8 11. Bf4 Qc7 12. Rc1 Nbd7 13. b4 Nh5 14. Bd2 Qb8 15. Rb1 Nhf6 16. Qc2 cxb4 17. Rxb4 Nc5 18. Nd4 Qc7 19. Rc1 Qe7 20. a5 Nfd7 21. h3 Qf8 22. Rcb1 Bf6 23. f4 Qg7 24. e3 h6 25. Na4 Qf8 26. Nb2 Bg7 27. Nc4 Kh8 28. Bc3 Nf6 29. Rb6 Nfe4 30. Be1 Qe7 31. Nxd6 Nxd6 32. Qxc5 Qxe3+ 33. Bf2 Ne4 34. Bxe4 Qxe4 35. Re1 Qxe1+ 36. Bxe1 Rxe1+ 37. Kg2 Rd1 38. Nf3 Bf5 39. Rxb7 Rc8 40. Rc7 Rxc7 41. Qxc7 Be4 42. Kf2 Bxd5 43. Ke2 Bxf3+ 44. Kxf3 Kh7 45. Qxf7 Ra1 46. Qc7 Ra3+ 47. Ke2 h5 48. g4 Rxh3 49. f5 hxg4 50. f6 1-0

[Event "ROM-ch"]
[Site "Sarata Monteoru"]
[Date "2012.02.18"]
[Round "8"]
[White "Baratosi, Daniel"]
[Black "Prodileanu, Adrian"]
[Result "1-0"]
[WhiteElo "2418"]
[BlackElo "2204"]
[PlyCount "43"]
[EventDate "2012.02.13"]
[EventType "swiss"]
[EventRounds "11"]
[EventCountry "ROU"]
[SourceTitle "CBM 147 Extra"]
[Source "ChessBase"]
[SourceDate "2012.04.24"]
[SourceVersion "1"]
[SourceVersionDate "2012.04.24"]
[SourceQuality "1"]

1. e4 c6 2. d4 d5 3. Nc3 dxe4 4. Nxe4 Bf5 5. Ng3 Bg6 6. Nh3 e6 7. Nf4 Bd6 8. c3 Nf6 9. h4 Bxf4 10. Bxf4 h6 11. h5 Bh7 12. Qb3 Qb6 13. Qa3 Nbd7 14. Bd6 0-0-0 15. Be2 a6 16. 0-0 Rde8 17. Rfd1 e5 18. c4 exd4 19. c5 Qa7 20. Rxd4 Nd5 21. Bg4 Kd8 22. b4 1-0

[Event "ROM-ch"]
[Site "Sarata Monteoru"]
[Date "2012.02.15"]
[Round "4"]
[White "Prodileanu, Adrian"]
[Black "Szabo, Gergely Andras"]
[Result "0-1"]
[WhiteElo "2204"]
[BlackElo "2554"]
[PlyCount "40"]
[EventDate "2012.02.13"]
[EventType "swiss"]
[EventRounds "11"]
[EventCountry "ROU"]
[SourceTitle "CBM 147 Extra"]
[Source "ChessBase"]
[SourceDate "2012.04.24"]
[SourceVersion "1"]
[SourceVersionDate "2012.04.24"]
[SourceQuality "1"]

1. c4 b6 2. Nc3 Bb7 3. e4 e6 4. Nge2 Nf6 5. d3 d5 6. cxd5 exd5 7. e5 Nfd7 8. d4 c5 9. f4 cxd4 10. Nxd4 Bc5 11. Be3 0-0 12. g3 Re8 13. Kf2 Nc6 14. Bg2 Ndxe5 15. fxe5 Rxe5 16. b4 Rxe3 17. Kxe3 Bxd4+ 18. Kd2 Qg5+ 19. Kc2 Nxb4+ 20. Kb3 Bxc3 0-1

[Event "ROM-ch"]
[Site "Sarata Monteoru"]
[Date "2012.02.14"]
[Round "2"]
[White "Prodileanu, Adrian"]
[Black "Berescu, Alin Mile"]
[Result "1-0"]
[WhiteElo "2204"]
[BlackElo "2488"]
[PlyCount "97"]
[EventDate "2012.02.13"]
[EventType "swiss"]
[EventRounds "11"]
[EventCountry "ROU"]
[SourceTitle "CBM 147 Extra"]
[Source "ChessBase"]
[SourceDate "2012.04.24"]
[SourceVersion "1"]
[SourceVersionDate "2012.04.24"]
[SourceQuality "1"]

1. c4 e5 2. g3 Nf6 3. Bg2 Bc5 4. Nc3 0-0 5. d3 d6 6. Nf3 h6 7. 0-0 Nc6 8. a3 a6 9. b4 Ba7 10. Bb2 Be6 11. Rc1 Qd7 12. e3 Ne7 13. Re1 Ng6 14. d4 exd4 15. Nxd4 Bg4 16. Bf3 Ne5 17. Bxg4 Nfxg4 18. Nd5 c6 19. Nf4 Rad8 20. h3 Nf6 21. Kg2 Rfe8 22. Qc2 d5 23. cxd5 Nxd5 24. Nxd5 Qxd5+ 25. e4 Qa2 26. Red1 Nc4 27. Qxc4 Qxb2 28. Nc2 b5 29. Qe2 c5 30. Rxd8 Rxd8 31. Rd1 Rc8 32. Rd2 Qc3 33. Rd7 cxb4 34. Nxb4 Qxa3 35. Nd5 Bc5 36. Qg4 Rf8 37. Nf6+ Kh8 38. Nh5 g6 39. Qf4 gxh5 40. Qxh6+ Kg8 41. Qg5+ Kh7 42. Qxh5+ Kg7 43. Qg4+ Kh8 44. Rd5 f5 45. Qh5+ Kg7 46. Qg5+ Kf7 47. Qxf5+ Kg7 48. Qg5+ Kf7 49. Rxc5 1-0

[Event "ROM-ch"]
[Site "Sarata Monteoru"]
[Date "2012.02.13"]
[Round "1"]
[White "David, Dorian Ciprian"]
[Black "Prodileanu, Adrian"]
[Result "0-1"]
[WhiteElo "1726"]
[BlackElo "2204"]
[PlyCount "60"]
[EventDate "2012.02.13"]
[EventType "swiss"]
[EventRounds "11"]
[EventCountry "ROU"]
[SourceTitle "CBM 147 Extra"]
[Source "ChessBase"]
[SourceDate "2012.04.24"]
[SourceVersion "1"]
[SourceVersionDate "2012.04.24"]
[SourceQuality "1"]

1. b4 d5 2. Bb2 Qd6 3. a3 e5 4. e3 c6 5. c4 Nf6 6. Nf3 e4 7. c5 Qd8 8. Nd4 Be7 9. d3 0-0 10. Nd2 Re8 11. dxe4 Nxe4 12. Nxe4 dxe4 13. Bc4 Bf6 14. Qb3 Qe7 15. 0-0-0 b6 16. h3 bxc5 17. bxc5 Qxc5 18. g4 Ba6 19. Kb1 Qxc4 20. Qxc4 Bxc4 21. Nf5 Bd3+ 22. Ka2 Bxb2 23. Kxb2 Nd7 24. f3 Rab8+ 25. Kc3 Nb6 26. fxe4 Bxe4 27. Nd6 Bxh1 28. Nxe8 Na4+ 29. Kd2 Rd8+ 30. Ke2 Bf3+ 0-1

[Event "Eforie Nord op 2nd"]
[Site "Eforie Nord"]
[Date "2010.06.23"]
[Round "7"]
[White "Bargan, Sergei"]
[Black "Prodileanu, Adrian"]
[Result "1-0"]
[WhiteElo "2338"]
[BlackElo "2170"]
[PlyCount "81"]
[EventDate "2010.06.18"]
[EventType "swiss"]
[EventRounds "11"]
[EventCountry "ROU"]
[SourceTitle "CBM 137 Extra"]
[Source "ChessBase"]
[SourceDate "2010.09.01"]
[SourceVersion "1"]
[SourceVersionDate "2010.09.01"]
[SourceQuality "1"]

1. d4 Nf6 2. c4 e6 3. Nc3 Bb4 4. Nf3 b6 5. e3 Bb7 6. Bd3 Ne4 7. Qc2 f5 8. 0-0 Bxc3 9. bxc3 0-0 10. Rb1 Rf6 11. Nd2 Rh6 12. f4 Nxd2 13. Qxd2 Qh4 14. g3 Qh3 15. Re1 Rg6 16. Qf2 d6 17. e4 Bxe4 18. Rxe4 fxe4 19. Bxe4 c6 20. d5 Rf6 21. dxc6 Na6 22. c7 Raf8 23. c8Q Rxc8 24. Bb7 Rxc4 25. Bxa6 Ra4 26. Bf1 Qf5 27. Rb5 Qe4 28. Qd2 Qc6 29. Rh5 a6 30. Bg2 Qc4 31. a3 Ra5 32. Rxa5 bxa5 33. Bf1 Qc6 34. Qd3 Rf5 35. Bh3 Rf6 36. Be3 Kf7 37. Bg2 d5 38. Bd4 Rh6 39. f5 Kg8 40. Qe3 exf5 41. Qe5 1-0

[Event "ROM-ch sf"]
[Site "Sovata"]
[Date "2001.03.12"]
[Round "3"]
[White "Moldovan, Daniel"]
[Black "Prodileanu, Adrian"]
[Result "1-0"]
[WhiteElo "2432"]
[BlackElo "2161"]
[PlyCount "145"]
[EventDate "2001.03.10"]
[EventType "swiss"]
[EventRounds "11"]
[EventCountry "ROU"]
[SourceTitle "EXT 2008"]
[Source "ChessBase"]
[SourceDate "2007.11.25"]
[SourceVersion "1"]
[SourceVersionDate "2007.11.25"]
[SourceQuality "1"]

1. e4 c6 2. d4 d5 3. Bd3 dxe4 4. Bxe4 Nf6 5. Bf3 Bf5 6. c4 e6 7. Nc3 Nbd7 8. Bf4 Be7 9. Nge2 0-0 10. 0-0 Re8 11. Ng3 Bg6 12. a3 Bf8 13. Re1 Nb6 14. b3 Qd7 15. Be5 Rad8 16. Qe2 Qc8 17. Qb2 Be7 18. Rad1 Nbd7 19. Bf4 Nb6 20. Qc1 Bf8 21. h3 h6 22. Nf1 Bh5 23. g4 Bg6 24. Ng3 Rd7 25. Be5 Be7 26. Nce2 Red8 27. b4 Qa8 28. Qc3 Qc8 29. Qb3 Ne8 30. Nf4 Bh7 31. c5 Nd5 32. Nxd5 exd5 33. Bg2 Nc7 34. f4 f6 35. Bxc7 Qxc7 36. f5 Kf8 37. Qf3 Bg8 38. Nh5 Bf7 39. Nf4 Re8 40. Ne6+ Bxe6 41. fxe6 Rdd8 42. Qf5 Kg8 43. Re3 Bf8 44. Bf1 g5 45. Bd3 Qg7 46. Rb1 a6 47. a4 Ra8 48. Kg2 Be7 49. Re2 Kf8 50. Ra2 Reb8 51. Rbb2 Bd8 52. b5 Ba5 53. Rb3 axb5 54. axb5 Bc7 55. Rba3 Rxa3 56. Rxa3 Ke8 57. Ra7 Kd8 58. Kf3 Qe7 59. Ke2 Qg7 60. Kd1 Qe7 61. Kc2 Qg7 62. Qf3 Qe7 63. Bf5 Ke8 64. Qb3 Kf8 65. Qa4 Bd8 66. bxc6 Qc7 67. Rxb7 Qh2+ 68. Kb1 Qg1+ 69. Ka2 Qf2+ 70. Bc2 Ra8 71. e7+ Bxe7 72. Qxa8+ Kf7 73. Qa4 1-0

[Event "ROM-ch sf"]
[Site "Sovata"]
[Date "2001.03.11"]
[Round "2"]
[White "Prodileanu, Adrian"]
[Black "Anitoaie, Dumitru"]
[Result "1/2-1/2"]
[WhiteElo "2161"]
[BlackElo "2303"]
[PlyCount "26"]
[EventDate "2001.03.10"]
[EventType "swiss"]
[EventRounds "11"]
[EventCountry "ROU"]
[SourceTitle "EXT 2008"]
[Source "ChessBase"]
[SourceDate "2007.11.25"]
[SourceVersion "1"]
[SourceVersionDate "2007.11.25"]
[SourceQuality "1"]

1. c4 e6 2. g3 d5 3. Bg2 Nf6 4. Nf3 dxc4 5. Qa4+ Nbd7 6. Qxc4 a6 7. d4 b5 8. Qc2 c5 9. dxc5 Bxc5 10. Ne5 Rb8 11. Nxd7 Nxd7 12. 0-0 Bb7 13. Nc3 Bxg2 1/2-1/2

[Event "Centrocoop June op-A"]
[Site "Eforie Nord"]
[Date "1999.06.??"]
[Round "?"]
[White "Prodileanu, Adrian"]
[Black "Moraru, Marius"]
[Result "0-1"]
[WhiteElo "2120"]
[BlackElo "2408"]
[PlyCount "130"]
[EventDate "1999.06.??"]
[EventType "swiss"]
[EventRounds "11"]
[EventCountry "ROU"]
[SourceTitle "EXT 2004"]
[Source "ChessBase"]
[SourceDate "2003.11.25"]
[SourceVersion "1"]
[SourceVersionDate "2003.11.25"]
[SourceQuality "1"]

1. c4 e5 2. Nc3 Nc6 3. Nf3 g6 4. d4 exd4 5. Nd5 Bg7 6. Bg5 f6 7. Bf4 d6 8. Nxd4 Nxd4 9. Qxd4 Ne7 10. g3 0-0 11. Bg2 Nc6 12. Qd2 Ne5 13. b3 a5 14. 0-0 a4 15. Bh6 Bxh6 16. Qxh6 c6 17. Nc3 axb3 18. axb3 Rxa1 19. Rxa1 Qb6 20. Rb1 Qxf2+ 21. Kxf2 Ng4+ 22. Kg1 Nxh6 23. Rd1 Nf7 24. Ne4 f5 25. Nxd6 Rd8 26. c5 Nxd6 27. cxd6 Kf7 28. Bh3 Ke6 29. e4 Ke5 30. exf5 gxf5 31. Re1+ Kxd6 32. Rd1+ Ke7 33. Rxd8 Kxd8 34. Kf2 Ke7 35. Kf3 c5 36. Kf4 Kf6 37. Bg2 b6 38. Bf3 Be6 39. Bd1 b5 40. Bc2 h6 41. Bd1 b4 42. Bc2 Bd5 43. h4 Bf7 44. Bd1 Be6 45. Bc2 Bd5 46. Bxf5 Bxb3 47. g4 Kg7 48. g5 h5 49. Ke3 Bf7 50. Kd2 Kf8 51. Kc2 Ke7 52. Bh7 Be8 53. Bg8 Bg6+ 54. Kb3 Kd6 55. Bc4 Ke5 56. Bg8 Kd4 57. Bc4 Ke3 58. Be6 Kd2 59. Kc4 Bc2 60. Kxc5 b3 61. Bxb3 Bxb3 62. Kd4 Ke2 63. Ke4 Bc2+ 64. Ke5 Kf3 65. Kf6 Kg4 0-1